|
|
|
|
| LEADER |
00000naa a2200000uu 4500 |
| 001 |
vtls011061102 |
| 003 |
SK-MaSNL |
| 005 |
20260302111907.0 |
| 008 |
210906|2009 xo |||||||||||||||||slo| |
| 015 |
|
|
|a SNBRA
|
| 035 |
|
|
|a (urnnbn)urn:nbn:sk:snk:ar-a0c2pu
|
| 035 |
|
|
|a (uuid)e21e5826-4b18-447f-8572-e77811fc259f
|
| 035 |
|
|
|a urn:nbn:sk:snk-aav98k
|
| 040 |
|
|
|a SNKBUCL
|b slo
|c SNKBUCL
|e AACR2
|
| 041 |
0 |
|
|a slo
|
| 044 |
|
|
|a xo
|c SK
|
| 100 |
1 |
|
|a Majoros, Csaba
|4 aut
|9 790085
|
| 245 |
1 |
0 |
|a Zvýšenie flexibility prepravnej kapacity kompresorovej stanice č.1 Veľké Kapušany
|c Csaba Majoros
|
| 246 |
3 |
|
|a Increase flexibility transmission capacity at compressor station n.1 Veľké Kapušany
|
| 773 |
0 |
|
|t Medzinárodná odborná konferencia Národné fórum údržby 2009
|d V Žiline : Žilinská univerzita, 2009
|g S. 5-9
|z 9788055400181
|
| 958 |
|
|
|a OND
|
| 958 |
|
|
|a article12
|
| 958 |
|
|
|a chapter
|
| 999 |
|
|
|c 1249331
|d 1251261
|